Prieskum uplatňovania modelov nákupného procesu vo vybraných podnikoch na Slovensku = Design of methodical process by competency testing of production : Bakalárska práca

Na minha lista:
Detalhes bibliográficos
Autor principal: Kozlík, Pavol, 1986- (Author)
Outros Autores: Šalgovičová, Jarmila, 1950- (xxx)
Formato: Manuscrito Livro
Idioma:eslovaco
Publicado em: Trnava : STU v Bratislave MTF UPMK KIK, 2008
Assuntos:
Tags: Adicionar Tag
Sem tags, seja o primeiro a adicionar uma tag!

MARC

LEADER 00000ntm a22000003a 4500
001 stu172181
005 20160719155904.9
008 081010s2008----xo------------------slo-d
040 |a STU  |b slo 
041 0 |a slo 
044 |a xo 
100 1 |a Kozlík, Pavol,  |d 1986-  |4 aut  |X 25210  |7 A000025210 
245 1 |a Prieskum uplatňovania modelov nákupného procesu vo vybraných podnikoch na Slovensku = Design of methodical process by competency testing of production :  |b Bakalárska práca 
260 |a Trnava :  |b STU v Bratislave MTF UPMK KIK,  |c 2008 
300 |a 55 s  |c príl (1 CD-ROM) 
500 |a Študijný odbor: 5.2.57 kvalita produkcie 
500 |a Študijný program: kvalita produkcie 
650 7 |a nákupné procesy  |2 stusub 
700 1 |a Šalgovičová, Jarmila,  |d 1950-  |4 xxx  |u M4000  |U MTF Materiálovotechnologická fakulta  |T MTF Ústav priemyselného inžinierstva a manažmentu  |X 1492  |U M4000  |Y 84  |7 A000001492 
996 |b 284M068795  |c M*BP-3553  |l MMSKP  |s P  |a 0  |w stu172181_0001